000 00903nam a22001937a 4500
003 OSt
005 20260220071833.0
008 260220b |||||||| |||| 00| 0 eng d
040 _aDWCL GS library
_cOC
082 _aFic. F818f 1998
100 _aFrancis, Dick
245 _adick francis
_b: field of thirteen
_cDick Francis
260 _aNew York
_bBerkley publishing group
_cc1998
300 _a289
_c17cm
520 _aField of Thirteen by Dick Francis is a collection of thirteen suspenseful short stories centered on the world of horse racing, murder, and mystery. These stories, often featuring themes of revenge, showcase tightly plotted tales of jockeys, owners, and trainers, including stories of an Australian stud farm owner investigating a doping scandal
546 _aEnglish
700 _aDick Francis
942 _2ddc
_cFIC.
_hFic. F818f 1998
_n0
999 _c8472
_d8472